000
00307nam a2200121Ia 4500
008
201216s9999 xx 000 0 und d
100
_a
Carlisle, Richard
245
0
_a
(The) Illustrated Encyclopaedia of Mankind
260
_a
New York
_b
Marshal Cavendish
300
_a
1194
490
_v
Vol. 9
942
_c
BK
999
_c
6554
_d
6554